000 01209nam a2200277Ia 4500
008 220216s9999 xx 000 0 und d
100 _aMadhavan J
245 2 _aA preliminary report on two floral variants in the 1981 wild Hevea germplasm collection
260 _bIndian Journal of Natural Rubber Research
_c1997
300 _a5-Jan
520 _aFloral morphological studies on the 1981 IRRDB wild Hevea germplasm collection maintained at the Rubber Research Institute of India have revealed two genotypes which are different from the rest. These variants differ in the pattern of growth, colour of the flower, presence of a disk at the base of the staminal column in the male flower and morphology of the fruit. The possibility of these being infraspecific variants or interspecific hybrids is discussed.
650 _aFloral mmorphology
650 _aFloral mmorphology
650 _aFruit morphology
650 _aFruit morphology
650 _aHevea species
650 _aHevea species
650 _aTaxonomy
650 _aTaxonomy
650 _aWild germplasm
650 _aWild germplasm
700 _aAbraham S T
700 _aGeorge P J
700 _aReghu C P
942 _cAR
999 _c46922
_d46922